[Event "South America-ch U16 13th"]
[Site "Santiago de Chile"]
[Date "2016.12.02"]
[Round "2"]
[White "Correa Pena, Bastian"]
[Black "Donoso Diaz, Sebastian"]
[Result "1/2-1/2"]
[WhiteElo "1743"]
[BlackElo "2093"]
[PlyCount "131"]
[EventDate "2016.12.01"]
[EventType "swiss"]
[EventRounds "9"]
[EventCountry "CHI"]
[SourceTitle "EXT 2018"]
[Source "ChessBase"]
[SourceDate "2017.10.13"]
[SourceVersion "1"]
[SourceVersionDate "2017.10.13"]
[SourceQuality "1"]

1. e4 c5 2. Nf3 d6 3. d4 cxd4 4. Nxd4 Nf6 5. Nc3 g6 6. Bc4 Bg7 7. Be3 0-0 8. h3 Nc6 9. 0-0 Nxe4 10. Bxf7+ Rxf7 11. Nxe4 Bxd4 12. Bxd4 Rf4 13. f3 d5 14. Be3 Rf8 15. Nc5 e5 16. c3 b6 17. Nb3 Be6 18. Qe1 d4 19. cxd4 Bxb3 20. axb3 exd4 21. Bf2 Qd5 22. Qe4 Qxe4 23. fxe4 Nb4 24. Rfd1 Rfd8 25. Rxd4 Rxd4 26. Bxd4 Nc6 27. Bxb6 Rb8 28. Bxa7 Ra8 29. Ra6 Nxa7 30. b4 Re8 31. Rxa7 Rxe4 32. Ra4 Re2 33. b3 Rb2 34. Ra3 Kf8 35. Kh2 g5 36. b5 Ke8 37. b6 Kd7 38. Ra7+ Ke6 39. Rxh7 Rxb3 40. Rb7 g4 41. hxg4 Kf6 42. Rb8 Kg6 43. g3 Kf6 44. Kh3 Rb1 45. b7 Kg7 46. Kh4 Rb5 47. g5 Rb4+ 48. Kh3 Rb1 49. Kg4 Rb5 50. Kf4 Rb3 51. Ke5 Rb1 52. Ke4 Rb2 53. Kd4 Rb1 54. Ke4 Rb2 55. Kd4 Rb1 56. Kc3 Rb6 57. Kc4 Rb1 58. Kd5 Rd1+ 59. Ke6 Re1+ 60. Kf5 Rb1 61. Kg4 Rb4+ 62. Kh5 Rb5 63. g4 Rb1 64. g6 Rb5+ 65. g5 Rxg5+ 66. Kxg5 1/2-1/2